MARC

LEADER 00000nam0a2200000 4500
001 64725
005 20231101212142.0
035 |a (RuTPU)RU\TPU\book\68684 
090 |a 64725 
100 |a 20040607d1979 km y0rusy50 ca 
101 0 |a rus 
102 |a RU 
105 |a a g 001zy 
200 1 |a Расчеты основных процессов и аппаратов нефтепереработки  |e справочник  |f Г. Г. Рабинович, П. М. Рябых, П. А. Хохряков, Ю. К. Молоканов  |g под ред. Е. Н. Судакова 
205 |a 3-е изд., перераб. и доп. 
210 |a Москва  |c Химия  |d 1979 
215 |a 566 с.  |c ил. 
320 |a Библиография в конце глав 
320 |a Предметный указатель: с. 556-566. 
606 1 |a Нефтеперерабатывающая аппаратура  |x Конструкция и расчет  |2 stltpush  |3 (RuTPU)RU\TPU\subj\33913  |9 56024 
610 1 |a нефтепереработка 
610 1 |a процессы 
610 1 |a аппараты 
610 1 |a установки 
610 1 |a расчеты 
610 1 |a справочники 
675 |a 665.63.02(035)  |v 3 
701 1 |a Рабинович  |b Г. Г.  |g Григорий Григорьевич 
701 1 |a Рябых  |b П. М.  |g Павел Матвеевич 
701 1 |a Хохряков  |b П. А.  |g Павел Александрович 
701 1 |a Молоканов  |b Ю. К.  |g Юрий Константинович 
702 1 |a Судаков  |b Е. Н.  |g Евгений Николаевич  |4 340 
801 1 |a RU  |b 63413507  |c 20040607  |g PSBO 
801 2 |a RU  |b 63413507  |c 20201022  |g PSBO 
900 |a Основы научных исследований и проектирование 
900 |a Технологическое проектирование и типовое оборудование нефтехимических производств 
942 |c BK